Pokémon, Sushi, Prefecture, or Martial Arts Weapon -A Japan Click Quiz - Statistics

General Stats
  • This quiz has been taken 104 times
    62 since last reset
  • The average score is 24 of 32
Answer Stats
Hint Answer % Correct
Osaka Prefecture
98%
Kyoto Prefecture
98%
Katana Weapon
98%
Pikachu Pokémon
96%
Hokkaido Prefecture
96%
Raichu Pokémon
94%
Okinawa Prefecture
94%
Nunchaku Weapon
94%
Unagi Sushi
92%
Rattata Pokémon
90%
Shuriken Weapon
88%
Nidoran Pokémon
86%
Fukuoka Prefecture
86%
Articuno Pokémon
80%
Raticate Pokémon
80%
Nori Sushi
80%
Sake Sushi
71%
Ebi Sushi
69%
Kabuto Pokémon
67%
Tako Sushi
67%
Uni Sushi
67%
Sai Weapon
67%
Kakuna Pokémon
63%
Tamago Sushi
63%
Bokken Weapon
59%
Nigata Prefecture
57%
Chiba Prefecture
55%
Nara Prefecture
53%
Tonfa Weapon
53%
Kani Sushi
47%
Kama Weapon
43%
Eku Weapon
24%
No matching quizzes found
Score Distribution
Percent of People with Each Score
Percentile by Number Answered
Your Score History
You have not taken this quiz since the last reset